| 000 | 00725nam a2200205 a 4500 | ||
|---|---|---|---|
| 001 | 000028861 | ||
| 005 | 20200930055201.0 | ||
| 008 | 110412s1978 dr a 000 0 spa d | ||
| 040 |
_aDO-SdBNP _bspa _cBNPHU |
||
| 082 |
_axxxx _bR916m |
||
| 100 | 1 |
_aRudman, Isaac _955839 |
|
| 245 | 1 | 0 |
_aMonedas de la República Dominicana / _cIsaac Rudman, Miguel Estrella; presentación Octavio Amiama Castro. |
| 260 |
_aSanto Domingo : _bSociedad Numismática Dominicana, _c1978. |
||
| 300 |
_a61 p. : _bil. ; _c21 cm. |
||
| 504 | _aIncluye referencias bibliográficas y notas al pie de las páginas | ||
| 504 | _aBibliografía : p. 61 | ||
| 700 | 1 | 2 |
_aEstrella, Miguel _955840 |
| 700 | 1 | 2 |
_aAmiama Castro, Octavio _955841 |
| 049 | _aBNPD | ||
| 999 |
_c28353 _d28353 |
||